| 000 | 00757nam a2200217 4500 | ||
|---|---|---|---|
| 001 | 9574 | ||
| 010 | _a9973-31-217-1 | ||
| 090 | _a9574 | ||
| 099 | _tLIVR | ||
| 100 | _a20260324d u||y0frey5050 ba | ||
| 101 | _afre | ||
| 102 | _aTN | ||
| 200 |
_aEuphorie _bLIVR _eEuphorie écrite entre 1990-1995 _fMohamed Baligh Turki _fIllustrations Zoubeir Turki _gParticipation D'abdelfattah Hachicha |
||
| 210 |
_aTunis _cDar Abou Nawas _ds.d. [1999] |
||
| 215 |
_a110 p. _ccouv.ill.n.b _d21x13.5 |
||
| 606 |
_aLittérature _xLittérature tunisienne _xPoésie _xIllustrations _yTunisie _926466 |
||
| 700 |
_4070 _aBaligh Turki _bMohamed _926438 |
||
| 701 |
_4440 _aTurki _bZoubeir |
||
| 702 |
_4571 _aHachicha _bAbdelfattah _926439 |
||
| 801 |
_aTN _b32BIS _c20260324 _gUNIMARC |
||
| 830 | _aSG | ||